Movies Quiz

Random Movies or Musical Quiz
Score 0/20 Timer 05:00
1 Play Today
Movie Musical % Correct
The Wizard of Oz
99.6%
The Little Mermaid
93.9%
Grease
91.3%
Mary Poppins
87.1%
West Side Story
85.3%
Chicago
78%
My Fair Lady
62.8%
Evita
56.7%
Seven Brides for Seven Brothers
55.3%
Oklahoma
52.5%
Movie Musical % Correct
Hair
52.3%
The Music Man
50.6%
Funny Girl
47.2%
South Pacific
44.4%
Bye Bye Birdie
28.8%
On the Town
22.1%
Godspell
21.1%
An American in Paris
15.9%
42nd Street
5.3%
The Band Wagon
3.9%
Remove Ads.
Support Sporcle.
Get the best of Sporcle when you Go Orange. This ad-free experience offers more features, more stats, and more fun while also helping to support Sporcle. Thank you for becoming a member.

You're not logged in!

Compare scores with friends on all Sporcle quizzes.
OR
Log In

Show Comments

Extras

Top Quizzes Today


Score Distribution

Your Account Isn't Verified!

In order to create a playlist on Sporcle, you need to verify the email address you used during registration. Go to your Sporcle Settings to finish the process.

Report this User

Report this user for behavior that violates our Community Guidelines.

Details: